Statistiken für Top 15 Länder mit Covid-19-Todesfällen - 8. September 2021

Klicken Sie hier um das Quiz zu spielen!

Allgemein

  • Dieses Quiz wurde 22 mal gespielt
  • Das Durchschnittsergebnis liegt bei 16 aus 25

Antwortstatistiken

Land% Korrekt
Brasilien
100%
Indien
100%
Vereinigte Staaten
100%
Italien
95%
Mexiko
95%
Spanien
95%
Vereinigtes Königreich
95%
Argentinien
90%
Russland
85%
Deutschland
80%
Frankreich
80%
Peru
70%
Iran
65%
Kolumbien
65%
Indonesien
60%
Belgien
55%
Tschechien
40%
Ungarn
40%
Paraguay
35%
Slowakei
35%
Slowenien
30%
Bulgarien
25%
Kroatien
25%
Bosnien und Herzegowina
15%
Nordmazedonien
15%

Verteilung der Resultate

Perzentil nach korrekt beantworteten Fragen

Anzahl Personen mit jedem Resultat

Ihre Resultats-Entwicklung

Sie haben dieses Quiz noch nicht gespielt